000 02431nam a2200229Ii 4500
008 221202s xx 000 0 und d
100 1 _aClendon, Mark,
_eauthor
245 0 _aWorrorra :
_b a language of the north-west Kimberley coast
264 _bUniversity of Adelaide Press
_c2014
300 _a1 online resource (515 pages)
336 _atext
_btxt
_2rdacontent
337 _acomputer
_bc
_2rdamedia
338 _aonline resource
_bcr
_2rdacarrier
520 _aThe Kimberley Arafuran language Worrorra was spoken traditionally on the remote coastline and precipitously beautiful hinterland between the Walcott Inlet and the Prince Regent River. The language described here is that attested by its last full speakers, Patsy Lulpunda, Amy Peters and Daisy Utemorrah. Patsy Lulpunda was a child when Europeans first entered her country in 1912, and Amy Peters and Daisy Utemorrah both grew up on the Kunmunya mission. This comprehensive and detailed grammar provides as well an historical and cultural context for a society now drastically altered. In the 1950s Worrorra people left their traditional land and from the 1970s the number of people speaking Worrorra as their first language declined dramatically. Worrorra is a highly polysynthetic language, characterised by overarching concord and a high degree of morphological fusion. Verbal semantics involve a voicing opposition and an extensive system of evidentiality-marking. Worrorra has elaborate systems of pragmatic reference, a derivational morphology that projects agreement-class concord across most lexical categories and complex predicates that incorporate one verb within another. Nouns are distributed among five genders, the intensional properties of which define dynamic oppositions between men and women on the one hand, and earth and sky on the other. This volume will be of interest to morphologists, syntacticians, semanticists, anthropologists, typologists, and readers interested in Australian language and culture generally.
653 _aAmy Peters
653 _aArafuran
653 _aKimberley
653 _aMark Clendon
653 _aWorora
856 _uhttps://library.oapen.org/bitstream/20.500.12657/33150/1/560353.pdfhttps://shop.adelaide.edu.au/konakart/Subscriptions-%26-Publications/University-Press/University-Press/Worrorra%3A-a-language-of-the-north-west-Kimberhttp://library.oapen.org/handle/20.500.12657/33150
942 _cE-BOOK
999 _c67617
_d67617